2023 Houston Texans' Colleges - Statistics

General Stats
  • This quiz has been taken 25 times
  • The average score is 11 of 77
Answer Stats
Position Name College Team % Correct
QB C.J. Stroud Ohio State
100%
WR Tank Dell Houston
67%
WR John Metchie III Alabama
57%
WR Nico Collins Michigan
57%
DE Will Anderson Alabama
52%
RB Dameon Pierce Florida
52%
QB Davis Mills Stanford
52%
CB Derek Stingley Jr. LSU
48%
LB Henry To'oTo'o Tennessee, Alabama
43%
QB Case Keenum Houston
38%
LB Christian Harris Alabama
29%
S Jalen Pitre Baylor
29%
RB Devin Singletary FAU
29%
OT Laremy Tunsil Ole Miss
29%
TE Brevin Jordan Miami
24%
WR Noah Brown Ohio State
24%
IOL Juice Scruggs Penn State
24%
TE Dalton Schultz Stanford
24%
FB Andrew Beck Texas
24%
K Ka'imi Fairbairn UCLA
24%
WR Robert Woods USC
24%
CB Kareem Jackson Alabama
19%
IOL Kenyon Green Texas A&M
19%
CB Shaquill Griffin UCF
19%
IOL/OT Tytus Howard Alabama A&M
14%
IOL Jarrett Patterson Notre Dame
14%
RB Dare Ogunbowale Wisconsin
14%
IOL Shaq Mason Georgia Tech
10%
LB Denzel Perryman Miami
10%
LB Blake Cashman Minnesota
10%
DE Dylan Horton New Mexico, TCU
10%
P Cameron Johnston Ohio State
10%
DE Jerry Hughes TCU
10%
DE Derek Barnett Tennessee
10%
S DeAndre Houston-Carson William & Mary
10%
WR Xavier Hutchinson Arizona State
5%
LS Jon Weeks Baylor
5%
P Ty Zentner Butler, Kansas State
5%
FB Troy Hairston Central Michigan
5%
DE Myjai Sanders Cincinnati
5%
DT Teair Tart FIU
5%
OT Josh Jones Houston
5%
CB Desmond King Iowa
5%
DT Sheldon Rankins Louisville
5%
DE Jonathan Greenard Louisville, Florida
5%
OT Austin Deculus LSU
5%
S Jimmie Ward NIU
5%
IOL Nick Broeker Ole Miss
5%
TE Teagan Quitoriano Oregon State
5%
S Adrian Amos Penn State
5%
DT Hassan Didgeway Texas
5%
CB Kris Boyd Texas
5%
LB Cory Littleton Washington
5%
OT George Fant Western Kentucky
5%
IOL Michael Deiter Wisconsin
5%
S Grayland Arnold Baylor
0%
RB Mike Boone Cincinnati
0%
TE Eric Saubert Drake
0%
CB Tavierre Thomas Ferris State
0%
IOL Kendrick Green Illinois
0%
LB Jake Hansen Illinois
0%
WR Steven Sims Kansas
0%
LB Neville Hewitt Marshall
0%
S Eric Murray Minnesota
0%
DT Maliek Collins Nebraska
0%
DT Khalil Davis Nebraska
0%
DT Kurt Hinish Notre Dame
0%
K Matt Ammendola Oklahoma State
0%
CB Steven Nelson Oregon State
0%
CB Alex Austin Oregon State
0%
DE Michael Dogbe Temple
0%
DE Kerry Hyder Texas Tech
0%
CB Ka'dar Hollman Toledo
0%
IOL Scott Quessenberry UCLA
0%
OT Charlie Heck UNC
0%
S M.J. Stewart UNC
0%
IOL Dieter Eiselen Yale
0%
No matching quizzes found
Score Distribution
Percent of People with Each Score
Percentile by Number Answered
Your Score History
You have not taken this quiz